000 01509nam a22003857a 4500
003 CHAP
005 20220817044531.0
008 120710s2012 mx r 00010 spa d
010 _a103530
011 _a104502
035 _a115192
040 _cCHAP
090 _aTesis
100 1 _aMoreno Benicio, José Alfonso.
_978571
245 1 0 _aFondos reginales de solidaridad en la zona Mazahua del Estado de México
_h[En línea]
_c/por José Alfonso Moreno Benicio
260 _aChapingo, Méx. :
_bEl autor,
_c2012
500 _aPara ver el contenido del material haga clic en la liga
502 _aTesis (Ing. Agr. Esp. en Sociología Rural) -- UACH. Departamento de Sociología Rural
590 _aALEPH
_b10
_c20130110
_lUCH01
_h1545
590 _aBATCH-UPD
_b10
_c20130110
_lUCH01
_h1039
590 _aBATCH-UPD
_b10
_c20130410
_lUCH01
_h0639
590 _aBATCH-UPD
_b10
_c20130914
_lUCH01
_h0016
590 _aBATCH-UPD
_b10
_c20140324
_lUCH01
_h1531
590 _aBATCH-UPD
_b10
_c20141002
_lUCH01
_h0853
590 _aCONVERSION
_b10
_c20130109
_lUCH01
_h1357
650 0 4 _aAgricultura
_xSubsidios.
_91827
650 0 4 _aAsistencia pública.
_97958
650 0 4 _aCrédito.
650 0 4 _aMazahuas
_xCondiciones económicas.
_973308
856 _3Finding aid
_uhttp://10.13.5.2/tesis/115192.pdf
_zTeclea aqui
901 _aBK
942 _cFOLL
949 _aTesis
_bBC
_cTES
_d33724002341611
_eTS1
_gDonaciØn
_h53577
_i115192
_st
949 _aTesis
_bBC
_cTES
_d33724002342363
_eTS2
_fc.2
_gDonaciØn
_h53578
_i115192
_st
999 _c103530
_d103530